Click North American Countries By Their Biggest City - Statistics

General Stats
  • This quiz has been taken 20 times
  • The average score is 18 of 23
Answers on the Map
Answers color-coded by a green-red scale on the quiz's map according to % correct below.
 
Answer Stats
Answer % Correct
Mexico City
100%
Guatemala City
94%
Havana
94%
New York City
94%
Panama City
94%
Toronto
94%
Belize City
89%
Kingston
89%
San Salvador
89%
San José
83%
Santo Domingo
83%
Tegucigalpa
83%
Bridgetown
78%
Castries
78%
Managua
78%
Nassau
78%
Port-au-Prince
78%
Kingstown
67%
Chaguanas
61%
Basseterre
56%
Roseau
56%
Saint George's
56%
Saint John's
50%
No matching quizzes found
Score Distribution
Percent of People with Each Score
Percentile by Number Answered
Your Score History
You have not taken this quiz